000 00833nam a2200265Ia 4500
003 OSt
005 20220918171253.0
006 a|||||r|||| 00| 0
007 ta
008 220917b |||||||| |||| 00| 0 eng d
020 _a9781446260708 (pbk)
_c4090.17
024 _a280,544
037 _bIN4204, 18/03/2014, Asian Book Centre
_cTextual
040 _aARTS
_cARTS
_beng
041 _2eng
_aeng
082 _aS4, Q3
100 _aLewis Rachel Ed.
_935213
245 0 _aWork and occupational psychology
_b Integrating theory and practice
260 _aLondon
_bSage UK
_c2013
300 _axviii,474p.
_ccm.
650 _aPSYCHOLOGY
700 _a Zibarras Lara Ed.
_935214
942 _hS4, Q3
_cTEXL
_2CC
999 _c138665
_d138665